Legal Articles

Bibliographic Details
Format: Book
Language:English
Published: [s.l.] : Think Legal, 2014
Subjects:
Online Access:Acceso restringido

MARC

LEADER 00000nam a22000007a 4500
005 20150112155049.0
007 cr|||| ||||
008 150112s2014 ii ||||| |||| 00||0 eng d
035 |a 12507 
040 |a vLex 
090 |c 5319  |d 5319 
245 0 0 |a Legal Articles  |h [Recurso electrn̤ico]  
256 |a Servicio en ln̕ea 
260 |a [s.l.] :  |b Think Legal,  |c 2014 
300 |a 1 recurso electrn̤ico 
506 1 |a Contenido disponible en los productos indicados  |d vLex Global  |d vLex Global (Academic Edition, excluding Law Schools)  |d vLex Global (U.S. Academic Edition, Law Schools)  |d vLex Global (U.S. Academic Edition, excluding Law Schools)  |d vLex Global (Academic Edition, Law Schools) 
650 0 4 |a Doctrina legal  |z India  
740 0 |a vLex Libros (Servicio en ln̕ea) 
856 4 0 |u http://vlex.com/source/guidelines-12507  |z Acceso restringido 
942 |c BOOK 
999 0 |a Legal doctrine